Normal view
MARC view
- Real property tax
Entry Topical Term
001 - CONTROL NUMBER
- control field: 85196
003 - CONTROL NUMBER IDENTIFIER
- control field: NUST
005 - DATE AND TIME OF LATEST TRANSACTION
- control field: 20211128133435.0
008 - FIXED-LENGTH DATA ELEMENTS
- fixed length control field: 211128|| aca||aabn | a|a d
040 ## - CATALOGING SOURCE
- Original cataloging agency: NUST
- Transcribing agency: NUST
150 ## - HEADING--TOPICAL TERM
- Topical term or geographic name entry element: Real property tax
- General subdivision: Law and legislation
- Geographic subdivision: Pakistan
670 ## - SOURCE DATA FOUND
- Source citation: Work cat.: (NUST)586892: Khan, Ch. Subhan. 85195, The Land revenue act (XVII of 1967): With Land Revenue Rules, 1968 /, 2020.
